Mixed Word: Rough Cut and Polished Quiz Stats

 Plays Quiz Updated Oct 12, 2016

Challenge
Share
Tweet
Embed
Score 0/15 Timer 04:00
1 Play Today
“ROUGH CUT' “P O L I S H E D“ % Correct
  MEGGEM
99.9%
CLUY NI HET KYSL U C Y  I N  T H E  S K Y
90.4%
   CAFETF A C E T
89.8%
ALNCKECEN E C K L A C E
87.6%
  NA GATEMENGEN GRINA N   E N G A G E M E N T   R I N G
81.5%
  RADH ONSETH A R D   S T O N E
81.5%
   RIGSL STEB REDFING I R L ' S   B E S T   F R I E N D
79.9%
ACTARC A R A T
78%
“ROUGH CUT' “P O L I S H E D“ % Correct
IXYST ERYA NIRVANAYERSS I X T Y-Y E A R   A N N I V E R S A R Y
72%
GAINLYP RDCAS ISTUP L A Y I N G   C A R D S   S U I T
66.9%
LABELUAVV A L U A B L E
64%
LINENEIL
62.5%
   ERA ROVFREEA R E   F O R E V E R
57.8%
ABLABELS LIFEDB A S E B A L L   F I E L D
27.2%
     PILAR HORNETSBITA P R I L   B I R T H S T O N E
23.4%

You're not logged in!

Compare scores with friends on all Sporcle quizzes.
OR
Log In

You Might Also Like...

Show Comments

Extras

Top Quizzes Today


Score Distribution

Your Account Isn't Verified!

In order to create a playlist on Sporcle, you need to verify the email address you used during registration. Go to your Sporcle Settings to finish the process.

Report this User

Report this user for behavior that violates our Community Guidelines.

Details: